| 000 | 00439nam a2200157 i 4500 | ||
|---|---|---|---|
| 001 | 90608 | ||
| 003 | ES-MaACL | ||
| 007 | t| | ||
| 008 | 050121s1940 gw ||||1| ger d | ||
| 100 | 1 |
_aLehnartz, Emil. _971346 |
|
| 245 | 1 | 0 |
_aEinführung in die Chemische Physiologie / _cvon Emil Lehnartz. |
| 250 | _a4 aufl. | ||
| 260 |
_aBerlin : _bH. Stürtz, _c1940. |
||
| 300 |
_a461 p., 86 lám. ; _c26 cm. |
||
| 852 |
_aES-MaACL _jB-9205 _bR.18730 |
||
| 999 |
_c90608 _d90608 |
||